Visualizzazione normale
Vista MARC
- Vezzani Lorenzo
di Personal Name
Records bibliografici associati: 1
001 - CONTROL NUMBER
- control field: 55936
003 - CONTROL NUMBER IDENTIFIER
- control field: IT-RoPau
005 - DATE AND TIME OF LATEST TRANSACTION
- control field: 20151204115126.0
008 - FIXED-LENGTH DATA ELEMENTS
- fixed length control field: 151204|| aca||aabn | a|a d
040 ## - CATALOGING SOURCE
- Original cataloging agency: IT-RoPau
- Transcribing agency: IT-RoPau
100 ## - HEADING--PERSONAL NAME
- Personal name: Vezzani Lorenzo
- Miscellaneous information: Codice regista SPICS: 1405
670 ## - SOURCE DATA FOUND
- Source citation: Work cat.: (IT-RoPau)108508: Vezzani Lorenzo Codice regista SPICS: 1405, MONTAGGIO PUBBLICITA' TV 92 MONTAGGIO PUBBLICITA' TV 92 (Rif. Codice opera principale : C8789), "1995 (1° ed.: 1995 ; Ed. Lingua Orig.: 1995)"